Le Tour du monde en quatre-vingts jours sur une carte - Statistiques

Statistiques générales
  • Ce quiz a été pris 674 fois
  • Le résultat moyen est 12 sur 17
Réponses sur la Carte
Les réponses sont colorées sur une échelle allant du rouge au vert en fonction du pourcentage des utilisateurs qui les ont devinées à leur premier essai. Vous pouvez retrouver ces pourcentages ci-dessous.
 
Statistiques - réponses
Mode de transport Indice Lieu % Correct
Départ Londres
98%
Fin Londres
98%
En train Paris
97%
En train New York
92%
Par bateau Yokohama
90%
Par bateau Manche Calais
78%
Par bateau Shanghai
77%
Par bateau Mumbai
75%
Par bateau San Francisco
75%
Par bateau Liverpool
68%
Par bateau Singapour
65%
Par bateau Hong Kong
62%
En train Calcutta
56%
Par bateau Canal artificiel Suez
53%
En train Manche Douvres
50%
En train Nebraska Omaha
14%
Par éléphant Uttar Pradesh Prayagraj
2%
Aucun quiz correspondant
Distribution des résultats
% des personnes avec chaque résultat
Percentile par nombre de réponses
Votre historique - résultats
Vous n’avez pas pris ce quiz